| 000 | 00964nac a22003017a 4500 | ||
|---|---|---|---|
| 001 | BR9000852 | ||
| 003 | BR-BrBNA | ||
| 005 | 20240105121032.0 | ||
| 008 | 230509b bl.|||m| |||| 00| 0 por d | ||
| 040 |
_aBR-BrBNA _bpor _cBiblioteca Nacional de Agricultura |
||
| 072 | _aE50; E51 | ||
| 090 | _aE50 BR9000852 | ||
| 100 | 1 | _aBandeira, W.J. | |
| 100 | 1 | _aLopes, J.N. (coords.) | |
| 110 | 1 | _aFundacao Centro de Pesquisas Economicas e Sociais do Piaui, Teresina (Brasil) | |
| 245 | 1 | _aAnalise do processo de urbanizacao no Piaui | |
| 260 | 3 |
_aTeresina, PI (Brasil): _c1985. |
|
| 300 | _a131 p. | ||
| 490 |
_aEstudos Diversos - Fundacao Centro de Pesquisas Economicas e Sociais do Piaui (Brazil) _vNo. 26 _x |
||
| 500 | _a20 tables; 34 ref. | ||
| 650 | _aDINAMICA POPULACIONAL | ||
| 650 | _aNIVEL DE VIDA | ||
| 650 | _aRENDA | ||
| 650 | _aURBANIZACAO | ||
| 650 | _aPIAUI | ||
| 909 |
_a202312 _bLúcia Elande _c55 _dLúcia Elande |
||
| 942 |
_2AGRIS _n0 _cMS |
||
| 999 |
_c282907 _d282907 |
||